000 00589njm a2200181 i 4500
001 C2-0218237
003 PPAK
005 20180729152118.0
008 990724s1990 my |||| ||||| | may d
040 _aPPAK
_beng
_cPPAK
_erda
245 0 0 _aPerbezaan adat istiadat Kedah dengan Bandar Acheh
264 1 _aAlor Setar, Kedah :
_bPerbadanan Perpustakaan Awam Kedah ,
_c1990
336 _2rdacontent
_atext
337 _2rdamedia
_aunmediated
338 _2rdacarrier
_avolume
500 _aDirakam pada 14/11/90 ; Temubual dengan Prof. Darwis Sulaiman ; Tiada transkripsi
942 _ddc
_cB
999 _c163146
_d163146